000 00546nam a22001817a 4500
005 20251108173003.0
008 250721s1991 xx 000 0 ara d
082 1 4 _aم/351.609565/أرد
245 1 0 _aالتقرير الإحصائي السنوي لعام 1991 /
264 1 _aعمان :
_c1991.
300 _a77ص.
650 1 7 _aالخدمة المدنية
650 1 7 _aالخدمة المدنية
650 1 7 _aالتقارير السنوية
710 2 _aديوان الخدمة المدنية
942 _2ddc
_cBK
999 _c93420
_d93420